У мертвых кудесников длинные руки: Фантастический роман

Մատենագիտական մանրամասներ
Հիմնական հեղինակ: Романецкий Н. Николай
Լեզու:ռուսերեն
Հրապարակվել է: Москва, АСТ, 2000
Շարք:Заклятые миры
Խորագրեր:
Ձևաչափ: Գիրք
KOHA link:https://koha.lib.tpu.ru/cgi-bin/koha/opac-detail.pl?biblionumber=56825

MARC

LEADER 00000nam0a2200000 4500
001 56825
005 20231031053740.0
010 |a 5237052983 
035 |a (RuTPU)RU\TPU\book\59685 
090 |a 56825 
100 |a 20031010d2000 m y0rusy50 ca 
101 0 |a rus 
102 |a RU 
105 |a y z 000ay 
200 1 |a У мертвых кудесников длинные руки  |e Фантастический роман  |f Н. Романецкий 
210 |a Москва  |c АСТ  |d 2000 
215 |a 544 с. 
225 1 |a Заклятые миры 
610 1 |a русская литература 
610 1 |a романы 
610 1 |a фантастика 
675 |a Р2  |v 3 
700 1 |a Романецкий  |b Н.  |g Николай 
801 1 |a RU  |b 63413507  |c 20031010  |g PSBO 
801 2 |a RU  |b 63413507  |c 20031028  |g PSBO 
942 |c BK